000 00248nam a22001097a 4500
020 _a9788126530908
082 _a620.3
_bNAG/ME
100 _aNag, Debabrata
245 _aMechanical vibrations
260 _aNew Delhi
_bWiley India
_c2011
942 _cBK
999 _c13916
_d13916